| Registos Bibliográficos associados ao registo de autoridade |
|
Etiqueta de registo: 00000nam 2200025 450 001 2123323 003 http://id.bnportugal.gov.pt/bib/catbnp/2123323 100 ## $a20230213d2022 k y0pory01030103ba 101 0# $aeng$dpor 102 ## $aPT 105 ## $aa m 000yy 106 ## $ar 200 1# $aRole of SP1 and PADI2 on oligodendrocyte differentiation enhanced by mechanotransduction$fTânia Milene Pires Lourenço$gorient. Mário Martins Rodrigues Grãos, Gonçalo de Sá e Sousa de Castelo Branco, João
Ramalho de Sousa Santos 210 #9 $aCoimbra$c[s.n.],$d2022 215 ## $aXIII, 135 p.$cil.$d29 cm 328 #1 $aTese dout. Biologia Experimental e Biomedicina (Biotecnologia e Saúde), Instituto
Interdisciplinar, Universidade de Coimbra, 2022 675 ## $a576.38(043)$vBN$zpor$3624385 675 ## $a616.831/.832(043)$vBN$zpor$31154546 700 #1 $aLourenço,$bTânia Milene Pires$31872603 702 #1 $aGrãos,$bMário Martins Rodrigues,$f1976-$4727$31311355 702 #1 $aCastelo Branco,$bGonçalo de Sá e Sousa de$4727$31872610 702 #1 $aSantos,$bJoão Ramalho,$f1966-$4727$3100696 801 #0 $aPT$bBN$gRPC 966 ## $lBN$mFGMON$sS.A. 184460 V.$x1 971 ## $corlando$d20230213 972 ## $e0$z0$d20230524$viquintas 973 ## $cigoulao$d20230515
Etiqueta de registo: 00254nam 2200025 450 001 2280370 003 http://id.bnportugal.gov.pt/bib/catbnp/2280370 100 ## $a20260316d2025 k y0pory01030103ba 101 0# $aeng$dpor 102 ## $aPT 105 ## $aa m 000yy 106 ## $ar 200 1# $aCharacterization and integration of the transcriptional programs downstream Ascl1
and Notch signaling during neurogenesis$einvestigating a cell-autonomous cross-talk between the two pathways$fAbeer Heskol$gsupervisor Diogo S. Castro, Gonçalo Castelo-Branco 210 #9 $aOeiras$c[s.n.],$d2025 215 ## $aXXXIII, 206 p.$cil.$d26 cm 300 ## $aAcesso não autorizado pelo período de 3 anos 328 #1 $aTese dout. Integrative Biology and Biomedicine, Instituto de Tecnologia Química e
Biológica António Xavier, Universidade Nova de Lisboa, 2025 675 ## $a575.11(043)$vBN$zpor$31241576 675 ## $a612.82(043)$vBN$zpor$3337469 700 #1 $aHeskol,$bAbeer$31991448 702 #1 $aCastro,$bDiogo S.$4727$31632120 702 #1 $aCastelo Branco,$bGonçalo de Sá e Sousa de$4727$31872610 801 #0 $aPT$bBN$gRPC 966 ## $lBN$mFGMON$sS.A. 193380 V.$x1 971 ## $cssilva$d20260316 973 ## $cmlsousa$d20260326
|
|
|